000 01670nam a2200433 i 4500
001 140975
003 FINmELB
005 20241217181542.0
006 m o u
007 cr cn|||||||||
008 201228s2020 sp o 000 0 spa d
020 _z9788446048442
020 _a9788446049661
_qe-book
035 _a(OCoLC)1230506655
040 _aFINmELB
_bspa
_erda
_cFINmELB
050 1 4 _aBF408
_bN176 2020
080 _a7.01
082 0 4 _a701.15
_223
100 1 _aNancy, Jean-Luc.
245 1 0 _aSeñales sensibles :
_bconversación a propósito de las artes /
_cJean-Luc Nancy y Jérome Lèbre ; traducción de Francisco López Martín.
264 1 _aMadrid :
_bEdiciones Akal,
_c2020.
300 _a1 recurso en línea (146 páginas)
336 _atexto
_btxt
_2rdacontent/spa
337 _acomputadora
_bc
_2rdamedia/spa
338 _arecurso en línea
_bcr
_2rdacarrier/spa
490 1 _aLos caprichos ;
_v9
588 _aDescripción basada en metadatos suministrados por el editor y otras fuentes.
590 _aRecurso electrónico. Santa Fe, Arg.: elibro, 2019. Disponible vía World Wide Web. El acceso puede estar limitado para las bibliotecas afiliadas a elibro.
650 0 _aCreation (Literary, artistic, etc.)
650 4 _aCreación (Literaria, artística, etc.)
655 4 _aLibros electrónicos.
700 1 _aLèbre, Jérôme,
_eautor.
797 2 _aelibro, Corp.
830 0 _aLos caprichos ;
_v9.
856 4 0 _uhttps://elibro.net/ereader/politecnicointernacional/130096
999 _c140975
_d140975